000 00593nam a2200241Ia 4500
003 OSt
005 20220924121712.0
006 a|||||r|||| 00| 0
007 ta
008 220923b |||||||| |||| 00| 0 urd d
020 _c50.00
024 _a310199
037 _cTextual
040 _aARTS
_cARTS
_burd
041 _2urd
_aurd
082 _aO168xN8, M0
245 0 _aTakhliqi adab
260 _aKarachi
_bAsri Matbuat Pakistan
_c1980
300 _a528p.
_ccm.
650 _aURDU LITERATURE
942 _hO168xN8, M0
_cTEXL
_2CC
999 _c408673
_d408673